000
00401nam a22001217a 4500
003
SGT
082
_a
200
_b
H91R
100
_a
रंजन, जितेंद्र नाथ
245
_a
हरिद्वार: गंगाद्वारे महातीर्थे
260
_b
हरिद्वार विकास प्राधिकरण
_c
1991
300
_a
120
942
_2
ddc
_c
BK
999
_c
31743
_d
31743